000
00272nam a2200121Ia 4500
008
190216s9999||||xx |||||||||||||| ||und||
100
_a
Palooru
245
0
_a
Theerthayatra
260
_b
Poorna Pubs Kozhikode
_c
1973
300
_a
98p
650
_a
Kavithakal
942
_c
BK
999
_c
26922
_d
26922